000 00610nam a2200205Ia 4500
003 GCL
008 140319s9999 xx 000 0 ara d
040 _aGCL /
_cGCL
082 0 4 _a227.681
_bا ت
100 1 _aسالم على هيكل
245 1 0 _aتيسير التفسير لكلمات القران الكريم /
_cسالم على هيكل
260 _a[S.N] :
_bالهيئة المصرية العامة للكتاب ،
_c1991
300 _a606 ص
490 _a
650 0 4 _aالاسلام
650 0 4 _aالديانات
650 0 4 _aتفاسير
650 0 4 _aالقران
942 _2ddc
_cBK
999 _c29768
_d29768